Estadísticas judiciales de España / (Record no. 182869)
[ view plain ]
| 000 -LEADER | |
|---|---|
| campo de control de longitud fija | 01246nas a2200265 i 4500 |
| 001 - NÚMERO DE CONTROL | |
| campo de control | 182869 |
| 003 - IDENTIFICADOR DE NÚMERO DE CONTROL | |
| campo de control | ES-MaACL |
| 005 - FECHA Y HORA DE LA ÚLTIMA TRANSACCIÓN | |
| campo de control | 20250217134909.0 |
| 008 - DATOS DE LONGITUD FIJA--INFORMACIÓN GENERAL | |
| campo de control de longitud fija | 131120c1962 sp a| | ||pa d |
| 022 ## - NÚMERO INTERNACIONAL NORMALIZADO PARA PUBLICACIONES SERIADAS | |
| Número Internacional Normalizado para Publicaciones Seriadas | 0561-4473 |
| 080 ## - NÚMERO DE LA CLASIFICACIÓN DECIMAL UNIVERSAL | |
| Número de la Clasificación Decimal Universal | 347.97/.99(460)(083.41) |
| 245 00 - MENCIÓN DEL TÍTULO | |
| Título | Estadísticas judiciales de España / |
| Mención de responsabilidad, etc. | Presidencia de Gobierno, Instituto Nacional de Estadística. |
| 260 ## - PUBLICACIÓN, DISTRIBUCIÓN, ETC. | |
| Lugar de publicación, distribución, etc. | Madrid : |
| Nombre del editor, distribuidor, etc. | Instituto Nacional de Estadística, |
| Fecha de publicación, distribución, etc. | 1962- |
| 300 ## - DESCRIPCIÓN FÍSICA | |
| Extensión | 16 v. ; |
| Dimensiones | 26 cm. |
| 310 ## - PERIODICIDAD ACTUAL | |
| Periodicidad actual | Anual |
| 321 ## - PERIODICIDAD ANTERIOR | |
| Periodicidad anterior | Bienal desde 1960/61 hasta 1962/63 y desde 1970/71 hasta 1974/75 |
| 362 0# - FECHAS DE PUBLICACIÓN Y/O DESIGNACIÓN SECUENCIAL | |
| Fecha de publicación y/o designación secuencial | 1959- |
| 580 ## - NOTA DE RELACIÓN COMPLEJA | |
| Nota de relación compleja | Fusión de: Estadística penitenciaria = ISSN 0561-4465; y de: Estadística judicial civil y de lo contencioso administrativo = ISSN 0561-4449; y de: Estadística penal de España = ISSN 0561-4457; y de: Estadística de los tribunales tutelares de menores = ISSN 0490-3080. |
| 580 ## - NOTA DE RELACIÓN COMPLEJA | |
| Nota de relación compleja | Se separa de ésta publ. en 1987: Estadística de los Tribunales Tutelares de Menores (1987) = ISSN 1886-5585. |
| 650 04 - PUNTO DE ACCESO ADICIONAL DE MATERIA--TÉRMINO DE MATERIA | |
| Término de materia o nombre geográfico como elemento de entrada | Administración de justicia- |
| Subdivisión geográfica | España- |
| Subdivisión de forma | Estadísticas. |
| 9 (RLIN) | 9623 |
| 710 2# - ENTRADA AGREGADA--NOMBRE DE ENTIDAD CORPORATIVA | |
| Nombre de entidad corporativa o nombre de jurisdicción como elemento de entrada | Instituto Nacional de Estadística (España) |
| 9 (RLIN) | 5162 |
| 852 ## - LOCALIZACIÓN | |
| Ubicación | ES-MaACL |
| Número de control de estantería | HEM-D-209 |
| 866 #0 - MENCIÓN TEXTUAL DE FONDOS--UNIDAD BIBLIOGRÁFICA BÁSICA | |
| Fondos | 1959-1979. |
| Estatus retirado | Estado de pérdida | Estado de daño | No para préstamo | Colección | Biblioteca de origen | Biblioteca actual | Ubicación en estantería | Fecha de adquisición | Fuente de adquisición | Total de préstamos | Signatura topográfica completa | Código de barras | Visto por última vez | Precio de reemplazo | Tipo de ítem Koha |
|---|---|---|---|---|---|---|---|---|---|---|---|---|---|---|---|
| Periódicos y Revistas | Biblioteca del Ateneo de Madrid | Biblioteca del Ateneo de Madrid | Depósito 2 | 20/11/2013 | HEM-D-209 | 1192190 | 23/02/2023 | 23/02/2023 | Revista |
